[Event "Tourn. n8081"]
[Site "www.chess-mail.com"]
[Date "2015.10.09"]
[Round "1"]
[White "Seger"]
[Black "E4player"]
[WhiteElo "2670"]
[BlackElo "2410"]
[Result "1/2-1/2"]
[Round "1"]
1.d4 Ng8f6
2.Ng1f3 c5
3.d5 b5
4.c4 Bc8b7
5.e3 Qd8c7
6.a3 d6
7.Nb1c3 bxc4
8.e4 g6
9.Bf1xc4 Bf8g7
10.O-O O-O
11.h3 Bb7a6
12.Bc4xa6 Nb8xa6
13.Ra1b1 Rf8e8
14.Qd1e2 Qc7b7
15.Bc1f4 Nf6d7
16.Qe2e3 Ra8b8
17.Bf4h6 Bg7h8
18.Rf1c1 Na6c7
19.b4 Qb7a6
20.bxc5 Nd7xc5
21.Rb1xb8 Re8xb8
22.Nc3a2 Qa6a4
23.Na2b4 Rb8e8
24.Nb4d3 Nc7a6
25.Nd3xc5 Na6xc5
26.e5 Qa4d7
27.Qe3e2 Qd7a4
28.Rc1e1 Nc5b7
29.Qe2e3 Qa4b5
30.e6 Qb5xd5
31.exf7 Qd5xf7
32.Qe3xa7 Nb7c5
33.Re1b1 e6
34.Qa7b6 Qf7d7
35.Bh6e3 Re8c8
36.Rb1c1 Bh8f6
37.Qb6b4 Bf6e7
38.Kh1 Rc8a8
39.Qb4b6 Be7d8
40.Qb6b1 Qd7b7
41.Qb1b4 Qb7d5
42.Qb4b5 Bd8e7
43.a4 Be7f8
44.a5 Nc5d3
45.Qb5xd5 exd5
46.Rc1a1 Nd3c5
47.Nf3d4 Bf8g7
48.Ra1a3 Bg7xd4
49.Be3xd4 Kf7
50.g4 Ke8
51.Kg2 Kd7
52.Bd4b2 Nc5e6
53.Kf3 Ra8b8
54.Bb2a1 Rb8f8
55.Ke3 Ne6g5
56.f4 Ng5xh3
57.Ba1g7 Rf8xf4
58.a6 d4
59.Kd2 Rf4f2
60.Ke1 d3
61.Ra3xd3 Nh3f4
62.Rd3d4 Rf2f3
63.Rd4a4 Nf4e6
64.a7 Ne6c7
65.Ke2 Rf3b3
66.Bg7h6 Nc7a8
67.Bh6e3 h5
68.g5 Rb3b2
69.Kd3 Rb2b3
70.Kd2 Kc6
71.Ra4f4 Rb3a3
72.Rf4f8 Na8c7
73.Rf8g8 h4
74.Rg8xg6 Nc7b5
75.Rg6g7 h3
76.Rg7h7 Ra3a2
77.Kd3 Kd5
78.g6 Nb5xa7
79.g7 Ra2g2
80.Be3xa7 Rg2g3
81.Ba7e3 h2
82.Rh7h5 Ke6
83.Rh5xh2 Rg3xg7
84.Rh2h6 Kd5
85.Be3f4 Rg7d7
86.Bf4g3 Kc5
87.Rh6g6 Kd5
88.Bg3f4 Kc5
89.Bf4h2 { draw }
1/2-1/2

[Event "Tourn. n8367"]
[Site "www.chess-mail.com"]
[Date "2015.10.09"]
[Round "1"]
[White "Chiccogianca"]
[Black "Fred"]
[WhiteElo "2080"]
[BlackElo "1970"]
[Result "0-1"]
[Round "1"]
1.b3 e5
2.Bc1b2 e4
3.e3 d5
4.g3 Ng8f6
5.Bf1g2 Bf8d6
6.Ng1e2 Bc8g4
7.a3 Nb8d7
8.d3 Nd7e5
9.Bb2xe5 Bd6xe5
10.d4 Be5d6
11.Nb1d2 O-O
12.O-O c6
13.h3 Bg4e6
14.c4 Qd8d7
15.Kh2 Nf6h5
16.cxd5 cxd5
17.b4 f5
18.Ne2f4 Nh5f6
19.Nf4xe6 Qd7xe6
20.Nd2b3 Ra8c8
21.Nb3c5 Bd6xc5
22.bxc5 Rf8f7
23.a4 b6
24.cxb6 Qe6xb6
25.a5 Qb6d6
26.a6 Rf7c7
27.Qd1a4 h6
28.Ra1b1 Rc7c6
29.Rb1a1 h5
30.Ra1a2 h4
31.Rf1b1 hxg3
32.fxg3 Nf6h5
33.Qa4d1 Qd6xg3
34.Kg1 Qg3xe3
35.Kh2 f4
36.Ra2a1 Rc6c2
37.Qd1g4 Nh5g3
38.Qg4e6 Kh8
39.Rb1b7 Rc2xg2
40.Kxg2 Rc8c2
{ resign }
0-1

[Event "Tourn. n8370"]
[Site "www.chess-mail.com"]
[Date "2015.10.09"]
[Round "1"]
[White "Sfalcao"]
[Black "Gegonz"]
[WhiteElo "1920"]
[BlackElo "1900"]
[Result "1-0"]
[Round "1"]
1.e4 c6
2.d4 d5
3.f3 e6
4.Nb1c3 c5
5.exd5 Qd8h4
6.g3 Qh4xd4
7.Bf1b5 Bc8d7
8.Qd1e2 Qd4b4
9.dxe6 fxe6
10.Qe2xe6 Ng8e7
11.Bb5xd7 Nb8xd7
12.a3 Qb4b6
13.Qe6xb6 Nd7xb6
14.Bc1e3 Ne7c6
15.O-O-O  { time }
1-0

[Event "Tourn. n8361"]
[Site "www.chess-mail.com"]
[Date "2015.10.09"]
[Round "1"]
[White "Gegonz"]
[Black "Bojan"]
[WhiteElo "1930"]
[BlackElo "1970"]
[Result "0-1"]
[Round "1"]
1.Ng1f3 Nb8c6
2.e3 b6
3.Bf1e2 Bc8b7
4.c4 Ng8f6
5.Nb1c3 d5
6.d4 dxc4
7.Be2xc4 Nc6a5
8.Bc4d3 Nf6d5
9.e4 Nd5xc3
10.bxc3 e6
11.O-O Bf8e7
12.Bc1d2 Qd8d7
13.c4 Na5c6
14.d5 exd5
15.cxd5 Nc6b4
16.Bd3b1 Qd7d6
17.a3 Nb4a6
18.Bd2c3 Rh8g8
19.e5 Qd6xd5
20.Qd1a4 Kf8
21.Bb1xh7 Na6c5
22.Qa4c2 Rg8h8
23.Rf1d1 Qd5c4
24.Rd1d4 Qc4b3
25.Bh7d3 Qb3e6
26.Bd3f5 Qe6h6
27.Bc3d2 Qh6c6
28.Ra1d1 Qc6e8
29.Nf3g5 g6
30.Bf5h3 Qe8c6
31.f3 Rh8h5
32.Bh3g4 Rh5xg5
33.Bd2xg5 Be7xg5
{ resign }
0-1

[Event "Tourn. n8410"]
[Site "www.chess-mail.com"]
[Date "2015.10.09"]
[Round "1"]
[White "Ffdd65"]
[Black "Mitja"]
[WhiteElo "2200"]
[BlackElo "2000"]
[Result "0-1"]
[Round "1"]
1.e4 d5
2.e5 e6
3.d4 h6
4.Ng1f3 a6
5.Bf1d3 c6
6.O-O Ng8e7
7.b3 Nb8d7
8.Nb1c3 Nd7b6
9.Bc1e3 Ne7f5
10.Bd3xf5 exf5
11.Nc3e2 g5
12.h3 Bc8e6
13.Nf3h2 Qd8d7
14.f3 f4
15.Be3f2 Bf8e7
16.Kh1 f5
17.g4 fxg4
18.fxg4 O-O-O
19.Rf1g1 h5
20.Ne2c3 hxg4
21.hxg4 Rh8h7
22.Kg2 Rd8h8
23.Rg1h1 Rh7h3
24.Qd1g1 Be6xg4
25.Nh2xg4 Rh3xh1
{ resign }
0-1

[Event "Tourn. n8410"]
[Site "www.chess-mail.com"]
[Date "2015.10.09"]
[Round "1"]
[White "Mitja"]
[Black "Norlavuaram"]
[WhiteElo "2010"]
[BlackElo "2150"]
[Result "0-1"]
[Round "1"]
1.d4 Ng8f6
2.e3 g6
3.h3 Bf8g7
4.Ng1f3 O-O
5.Bf1c4 b6
6.a3 Bc8b7
7.c3 d5
8.Bc4b3 Nb8d7
9.Nb1d2 c5
10.dxc5 bxc5
11.Bb3c2 e5
12.O-O Qd8c7
13.b3 e4
14.Nf3h2 Nf6e8
15.Bc1b2 Ne8d6
16.Ra1b1 Bb7a6
17.Rf1e1 Nd7e5
18.c4 dxc4
19.Nd2xc4 Ne5xc4
20.Bb2xg7 Kxg7
21.bxc4 Ba6xc4
22.Qd1d2 Bc4e6
23.Nh2f1 Rf8d8
24.Nf1g3 Nd6f5
25.Qd2c3 Kg8
26.Bc2xe4 Ra8c8
27.Ng3xf5 gxf5
28.Be4f3 c4
29.Re1d1 Rd8xd1
30.Rb1xd1 Rc8d8
31.Kf1 Rd8xd1
32.Bf3xd1 Qc7h2
33.Bd1f3 Qh2h1
34.Ke2 Qh1b1
35.Kd2 Qb1a2
36.Ke1 Qa2b1
37.Ke2 Qb1b3
38.Kd2 Qb3b6
39.Ke2 a5
40.g4 fxg4
41.hxg4 a4
42.Qc3c2 Qb6b3
43.Kd2 Qb3xa3
44.Bf3c6 Qa3d6
{ resign }
0-1

[Event "Tourn. n8390"]
[Site "www.chess-mail.com"]
[Date "2015.10.09"]
[Round "1"]
[White "Norlavuaram"]
[Black "Liencam2"]
[WhiteElo "2100"]
[BlackElo "2290"]
[Result "1-0"]
[Round "1"]
1.e4 c5
2.Ng1f3 e6
3.c4 a6
4.Nb1c3 b6
5.d4 cxd4
6.Nf3xd4 Bc8b7
7.Bf1e2 Qd8c7
8.O-O Ng8f6
9.Qd1c2 Nb8c6
10.Nd4xc6 Bb7xc6
11.Bc1g5 Qc7e5
12.Bg5xf6 Qe5xf6
13.Ra1d1 Bf8b4
14.Be2f3 Bb4xc3
15.bxc3 O-O
16.Rd1b1 Ra8b8
17.Rf1d1 Qf6e5
18.Qc2d3 Rf8d8
19.Qd3d4 Qe5f4
20.Rb1xb6 e5
21.Rb6xb8 Rd8xb8
22.Qd4d6 Rb8e8
23.Qd6d3 f5
24.Rd1e1 Re8e6
25.g3 fxe4
26.Bf3xe4 Bc6xe4
27.Re1xe4 Qf4c1
28.Kg2 Re6e7
29.Qd3d5 Kf8
30.Re4xe5 Re7xe5
31.Qd5xe5 Qc1d2
32.Qe5f5 Ke7
33.Qf5e5 Kf8
34.a4 Qd2a2
35.Qe5b8 Kf7
36.Qb8b4 Qa2e2
37.Qb4b7 Qe2xc4
38.Qb7xd7 Kf6
39.Qd7d6 Kf7
40.Qd6f4 Qc4xf4
41.gxf4 Ke6
42.Kf3 Kd5
43.Ke3 Kc4
44.Kd2 Kb3
45.Kd3 { resign }
1-0

[Event "Tourn. n8339"]
[Site "www.chess-mail.com"]
[Date "2015.10.09"]
[Round "1"]
[White "Gegonz"]
[Black "Jpjohnston"]
[WhiteElo "1880"]
[BlackElo "1970"]
[Result "0-1"]
[Round "1"]
1.Ng1f3 Nb8c6
2.d4 d5
3.Bc1g5 h6
4.Bg5h4 g5
5.Bh4g3 Bf8g7
6.e3 Ng8f6
7.c4 Bc8e6
8.Nb1c3 dxc4
9.e4 Nc6a5
10.Qd1a4 c6
11.Ra1d1 O-O
12.Nf3e5 b5
13.Qa4c2 Qd8b6
14.Bf1e2 Ra8d8
15.O-O Rd8xd4
16.Rd1xd4 Qb6xd4
17.Rf1d1 Qd4b6
18.Kf1 Na5b7
19.f4 Nf6h5
20.Be2xh5 Bg7xe5
21.fxe5 f5
22.Bg3f2 fxe4
23.Nc3xe4 Rf8f4
24.Bh5f3 c5
25.Ke2 g4
26.Bf2e3 gxf3
27.gxf3 Rf4h4
28.Be3g1 Rh4h5
29.Qc2c3 b4
30.Qc3e3 Qb6b5
 { time }
0-1

[Event "Tourn. n8405"]
[Site "www.chess-mail.com"]
[Date "2015.10.09"]
[Round "1"]
[White "Hundegana"]
[Black "Andychesston"]
[WhiteElo "2000"]
[BlackElo "2040"]
[Result "1-0"]
[Round "1"]
1.e4 e5
2.Ng1f3 Nb8c6
3.Bf1b5 d6
4.h3 a6
5.Bb5xc6 bxc6
6.c3 Ng8f6
7.d3 Bc8b7
8.Nb1d2 Bf8e7
{ time. }
1-0

[Event "Match"]
[Site "www.echecsemail.com"]
[Date "2015.10.09"]
[Round "1"]
[White "Rindrandria"]
[Black "Ranjachess"]
[WhiteElo "1520"]
[BlackElo "1780"]
[Result "0-1"]
[Round "1"]
1.e4 e5
2.Bf1c4 Ng8f6
3.Ng1h3 Nf6xe4
4.Bc4xf7 Kxf7
5.d3 Ne4f6
6.Qd1f3 h6
7.O-O g5
8.g4 d6
9.Nh3xg5 hxg5
10.Bc1xg5 Rh8g8
11.h4 Bf8e7
12.Bg5xf6 Be7xf6
13.g5 Nb8c6
14.c3 d5
15.Qf3h5 Rg8g6
16.Kh2 Qd8d7
17.Qh5h7 Bf6g7
18.Nb1d2 Qd7h3
19.Kg1 Rg6xg5
20.hxg5 Qh3xh7
21.f4 Bc8h3
22.Rf1f3 Ra8h8
23.fxe5 Bh3f5
24.Rf3g3 Qh7h2
25.Kf1 Qh2xg3
26.Ra1e1 Bf5xd3
27.Re1e2 Rh8h1

0-1

[Event "Match"]
[Site "www.echecsemail.com"]
[Date "2015.10.09"]
[Round "1"]
[White "Crush"]
[Black "Darknight"]
[WhiteElo "1570"]
[BlackElo "1690"]
[Result "0-1"]
[Round "1"]
1.e4 e5
2.Ng1f3 d6
3.Nb1c3 c6
4.Bf1c4 h6
5.O-O Bc8g4
6.h3 h5
7.hxg4 hxg4
8.Nf3h2 Qd8h4
9.f3 g3
10.Rf1e1 Qh4xh2
11.Kf1 Qh2h1
12.Ke2 Qh1xg2
13.Ke3 Qg2f2
14.Kd3 Qf2d4
15.Ke2 Rh8h2
16.Kf1 Qd4f2

0-1

[Event "Match"]
[Site "www.echecsemail.com"]
[Date "2015.10.09"]
[Round "1"]
[White "Coraza8091"]
[Black "Billyg"]
[WhiteElo "1659"]
[BlackElo "1630"]
[Result "0-1"]
[Round "1"]
1.e4 e5
2.Bf1c4 Ng8f6
3.Qd1f3 d6
4.h3 c6
5.Qf3b3 d5
6.exd5 cxd5
7.Bc4b5 Bc8d7
8.Ng1f3 a6
9.Bb5xd7 Qd8xd7
10.O-O Bf8d6
11.Rf1e1 Nf6e4
12.d3 Ne4c5
13.Qb3xd5 e4
14.Nb1c3 O-O
15.Nc3xe4 Bd6h2
16.Kxh2 Qd7xd5
17.Bc1e3 Nc5xe4
18.dxe4 Qd5d6
19.Kh1 Nb8c6
20.Re1d1 Qd6f6
21.c3 Ra8d8
22.Be3g5 Rd8xd1
23.Ra1xd1 Qf6g6
24.h4 f6
25.Bg5e3 f5
26.e5 Rf8e8
27.Rd1d6 Re8e6
28.Rd6d5 h6
29.a4 Qg6f7
30.c4 Qf7c7
31.Rd5c5 b6
32.Rc5d5 Nc6xe5
33.Be3f4 Qc7xc4
34.Rd5d8 Kh7
35.Bf4xe5 Qc4c1
36.Kh2 Re6xe5
37.Nf3xe5 Qc1f4
38.g3 Qf4xe5
39.b4 b5
40.a5 f4
41.Rd8a8 fxg3
42.fxg3 Qe5b2
43.Kh3 Qb2f6
44.h5 Qf6c6
45.Ra8b8 Qc6c4
46.Rb8a8 Qc4xb4
47.Ra8xa6 Qb4c3
48.Kh4 g5
49.Kh3 Qc3c8
{ resign }
0-1

[Event "Match"]
[Site "www.echecsemail.com"]
[Date "2015.10.09"]
[Round "1"]
[White "Ericleo1980"]
[Black "Yangqi"]
[WhiteElo "2250"]
[BlackElo "2470"]
[Result "0-1"]
[Round "1"]
1.e4 d6
2.d4 Ng8f6
3.Nb1c3 g6
4.Bc1e3 a6
5.a4 Bf8g7
6.h3 O-O
7.Ng1f3 b6
8.Qd1d2 Bc8b7
9.d5 c6
10.Bf1c4 b5
11.axb5 axb5
12.Ra1xa8 Bb7xa8
13.Bc4d3 b4
14.Nc3a4 cxd5
15.exd5 Nf6xd5
16.Be3h6 Bg7xh6
17.Qd2xh6 Nd5f6
18.Nf3g5 Qd8a5
19.b3 Ba8xg2
20.Rh1g1 Qa5e5
21.Kd2 Qe5f4
22.Kd1 Bg2f3
23.Bd3e2 Bf3xe2
24.Kxe2 Rf8c8
25.c4 Nb8d7
26.Rg1g4 Qf4c1
27.Rg4h4 Qc1c2
28.Kf1 Nd7f8
29.Na4b6 Rc8c5
30.Nb6d5 Nf6xd5
31.cxd5 Qc2d1
32.Kg2 Qd1xd5
33.Ng5f3 Rc5c3
34.Qh6f4 f5
35.Qf4g3 e5
36.Rh4xb4 f4
37.Qg3g4 h5
{ resign }
0-1

[Event "1/8 Finale"]
[Site "www.chess-mail.com"]
[Date "2015.10.09"]
[Round "1"]
[White "Calulalb"]
[Black "Rocadamica"]
[WhiteElo "2730"]
[BlackElo "2690"]
[Result "0-1"]
[Round "1"]
1.d4 Ng8f6
2.c4 g6
3.Nb1c3 d5
4.cxd5 Nf6xd5
5.e4 Nd5xc3
6.bxc3 Bf8g7
7.Bf1c4 O-O
8.Ng1e2 c5
9.O-O Nb8c6
10.Bc1e3 Bc8g4
11.f3 Nc6a5
12.Bc4d3 cxd4
13.cxd4 Bg4e6
14.Ra1c1 Be6xa2
15.d5 e6
16.Be3d4 exd5
17.Bd4xg7 Kxg7
18.exd5 Ba2xd5
19.Rc1c5 b6
20.Qd1a1 Kg8
21.Rc5xd5 Qd8xd5
22.Rf1d1 Qd5c5
23.Kf1 Rf8d8
{ resign }
0-1

[Event "1/128 Finale"]
[Site "www.chess-mail.com"]
[Date "2015.10.09"]
[Round "1"]
[White "Mitja"]
[Black "Relaxmax"]
[WhiteElo "1960"]
[BlackElo "1499"]
[Result "0-1"]
[Round "1"]
1.d4 d5
2.e3 c5
3.dxc5 e5
4.c3 Bf8xc5
5.Nb1d2 Ng8f6
6.h3 O-O
7.Nd2b3 Bc5d6
8.Ng1f3 Nb8c6
9.Bf1e2 a6
10.O-O Bd6c7
11.Rf1e1 Qd8d6
12.Nf3h2 Bc8e6
13.Nh2f1 Ra8d8
14.Nb3d2 Rf8e8
15.b3 Bc7b6
16.Bc1b2 Be6f5
17.Nd2f3 Qd6b8
18.Qd1c1 Rd8c8
19.Nf3h4 Bf5e6
20.Nh4f3 Qb8a7
21.c4 dxc4
22.Be2xc4 Be6xc4
23.Qc1xc4 Nc6d4
24.Qc4d3 Nd4c2
25.Bb2xe5 Nc2xe1
26.Ra1xe1 Re8d8
27.Qd3f5 Nf6d7
28.Nf3g5 Nd7xe5
29.Qf5xe5 h6
30.Ng5e4 Qa7b8
31.Qe5f5 Qb8c7
32.Qf5g4 Qc7e5
33.Nf1g3 Rc8c6
34.f4 Qe5e6
35.Qg4f3 Rd8d3
36.Ng3f1 Rc6c2
37.Ne4f2 Rd3c3
38.Nf2e4 Rc3d3
39.Ne4f2 Rd3d8
40.Qf3xb7 Rc2xa2
41.Nf2g4 Ra2b2
42.Kh1 Qe6xb3
43.Qb7xa6 Qb3c2
44.Qa6b7 Bb6xe3
45.Nf1xe3 Qc2d2
46.Qb7c7 Qd2xe1
47.Kh2 Rd8b8
48.Qc7e5 Rb2b5
49.Qe5e4 Qe1b4
50.Qe4f3 Qb4d6
51.Qf3g3 Rb5b3
52.Qg3f3 Rb8b4
53.Kg3 Qd6e6
54.Kf2 Rb4e4
55.f5 Qe6e8
56.Qf3g3 Kh8
57.f6 g5
58.Ng4xh6 Re4xe3
59.Qg3xg5 Re3e2
60.Kg1 Rb3b1
61.Kh2 Qe8b8
{ resign }
0-1

[Event "Tourn. n8305"]
[Site "www.chess-mail.com"]
[Date "2015.10.10"]
[Round "1"]
[White "Libiesse"]
[Black "Osopanda"]
[WhiteElo "2020"]
[BlackElo "2020"]
[Result "0-1"]
[Round "1"]
1.d4 Ng8f6
2.c4 g6
3.Nb1c3 Bf8g7
4.Ng1f3 d6
5.Bc1g5 O-O
6.e4 c6
7.Bf1e2 Nb8d7
8.O-O Qd8c7
9.Ra1c1 e5
10.d5 Nd7c5
11.Bg5xf6 Bg7xf6
12.b4 Nc5d7
13.Nf3d2 Bf6g7
14.a3 Nd7f6
15.f4 exf4
16.Rf1xf4 cxd5
17.exd5 Bc8f5
18.g4 Bf5d7
19.Qd1f1 Nf6e8
20.Nc3e4 f5
21.gxf5 Bd7xf5
22.Ne4g5 Ne8f6
23.Rf4xf5 gxf5
24.Qf1xf5 Ra8e8
25.Ng5e6 Re8xe6
26.Qf5xe6 Kh8
27.Be2d3 Qc7b6
28.c5 dxc5
29.Rc1xc5 Qb6xe6
30.dxe6 Rf8e8
31.Bd3f5 Nf6g8
32.Kg2 Ng8e7
33.Bf5h3 Re8g8
34.Kf3 Ne7c6
35.Ke4 Bg7f8
36.Rc5h5 Nc6e7
37.Nd2f3 Rg8g7
38.Nf3e5 Kg8
39.Ne5d7 Rg7g1
40.Nd7f6 Kg7
41.Rh5xh7 Kxf6
42.Rh7f7 Kg6
43.Rf7xf8 Rg1a1
44.Rf8f7 Ra1xa3
45.Rf7xe7 Ra3xh3
{ resign }
0-1

[Event "Tourn. n8398"]
[Site "www.chess-mail.com"]
[Date "2015.10.10"]
[Round "1"]
[White "Libiesse"]
[Black "Luban"]
[WhiteElo "2090"]
[BlackElo "2140"]
[Result "0-1"]
[Round "1"]
1.d4 d5
2.c4 e6
3.Ng1f3 Ng8f6
4.Bc1g5 Bf8e7
5.Nb1c3 a6
6.e3 dxc4
7.Bf1xc4 b5
8.Bc4d3 Bc8b7
9.O-O Nb8d7
10.Ra1c1 Ra8c8
11.Qd1c2 h6
12.Bg5h4 c5
13.Qc2e2 Bb7xf3
14.Qe2xf3 cxd4
15.exd4 Nd7b6
16.Rf1d1 O-O
17.Nc3e4 Nb6d5
18.Ne4xf6 Be7xf6
19.Qf3e4 g6
20.b3 Rc8xc1
21.Rd1xc1 Bf6xh4
{ resign }
0-1

[Event "Tourn. n8365"]
[Site "www.chess-mail.com"]
[Date "2015.10.10"]
[Round "1"]
[White "Julian"]
[Black "Osopanda"]
[WhiteElo "1800"]
[BlackElo "1930"]
[Result "1/2-1/2"]
[Round "1"]
1.e4 c5
2.Ng1f3 d6
3.c3 Nb8c6
4.g3 e6
5.d4 cxd4
6.cxd4 Ng8f6
7.Nb1c3 Bf8e7
8.Bf1g2 O-O
9.O-O a6
10.e5 dxe5
11.dxe5 Nf6d5
12.Nc3xd5 exd5
13.Rf1e1 Be7b4
14.Re1e3 Bc8g4
15.Re3d3 Nc6xe5
16.Rd3xd5 Ne5xf3
17.Bg2xf3 Bg4xf3
18.Qd1xf3 Qd8e7
19.Bc1e3 Rf8e8
20.Ra1c1 Ra8c8
21.Rc1xc8 Re8xc8
22.Kg2 b5
23.a3 Bb4a5
24.b4 Ba5d8
25.Qf3d1 Bd8c7
26.Be3c5 Qe7e4
27.Qd1f3 Qe4xf3
28.Kxf3 f6
29.Rd5d7 Bc7b8
30.h4 h5
31.Rd7d5 g6
32.g4 hxg4
33.Kxg4 Rc8e8
34.f4 Kf7
35.Rd5d7 Ke6
36.Rd7b7 f5
37.Kg5 Re8g8
38.Rb7b6 Kd5
39.Rb6xa6 Ke4
40.Ra6e6 Kd5
41.Re6xg6 Rg8xg6
42.Kxg6 Bb8xf4
43.Kxf5 Bf4h6
44.h5 { draw }
1/2-1/2

[Event "Tourn. n8363"]
[Site "www.chess-mail.com"]
[Date "2015.10.10"]
[Round "1"]
[White "Cl3537"]
[Black "Relaxmax"]
[WhiteElo "1440"]
[BlackElo "1499"]
[Result "0-1"]
[Round "1"]
1.e4 c6
2.d4 d5
3.exd5 cxd5
4.Nb1c3 Ng8f6
5.Ng1f3 Bc8g4
6.h3 Bg4h5
7.g4 Bh5g6
8.Bf1d3 e6
9.O-O Bg6xd3
10.cxd3 Nb8c6
11.a3 { time. }
0-1

[Event "Tourn. n8371"]
[Site "www.chess-mail.com"]
[Date "2015.10.10"]
[Round "1"]
[White "Huw"]
[Black "Giupiter"]
[WhiteElo "1439"]
[BlackElo "1509"]
[Result "1-0"]
[Round "1"]
1.d4 Ng8f6
2.c4 g6
3.Ng1f3 d5
4.Nb1c3 Bc8g4
5.h3 Bg4xf3
6.exf3 Bf8g7
7.Qd1b3 Nb8c6
8.Bc1e3 dxc4
9.Qb3xb7 Nc6a5
10.Qb7b5 c6
11.Qb5a4 O-O
12.Bf1xc4 Na5xc4
13.Qa4xc4 Qd8d7
14.O-O Nf6d5
15.Rf1c1 Ra8b8
16.Ra1b1 Rb8b4
17.Qc4c5 Rf8b8
18.Nc3xd5 cxd5
19.Rc1c2 e6
20.a3 Rb4b3
21.Qc5a5 Bg7f8
22.Rc2c7 Rb3xa3
23.Rc7xd7 Ra3xa5
24.g4  { time }
1-0

[Event "Match"]
[Site "www.echecsemail.com"]
[Date "2015.10.10"]
[Round "1"]
[White "Enahou"]
[Black "Bojan"]
[WhiteElo "1809"]
[BlackElo "1920"]
[Result "0-1"]
[Round "1"]
1.Ng1f3 Ng8f6
2.g3 e5
3.Nf3xe5 d5
4.Bf1g2 c6
5.O-O Bc8f5
6.d3 Nb8d7
7.Ne5xd7 Qd8xd7
8.Bc1f4 h5
9.Nb1d2 h4
10.Nd2f3 h3
11.Bg2h1 Nf6h5
12.Nf3h4 Nh5xf4
13.Nh4xf5 Qd7xf5
14.Bh1f3 Nf4e6
15.e3 Ne6g5
16.Bf3g4 Qf5g6
 { time }
0-1

[Event "Match"]
[Site "www.echecsemail.com"]
[Date "2015.10.10"]
[Round "1"]
[White "Gimmyg"]
[Black "Lorenatache"]
[WhiteElo "2460"]
[BlackElo "1809"]
[Result "1-0"]
[Round "1"]
1.b3 Ng8f6
2.Bc1b2 e6
3.e3 d5
4.Ng1f3 c6
5.c4 Bf8d6
6.Bf1e2 O-O
7.O-O Nb8d7
8.Qd1c2  { time }
1-0

[Event "Match"]
[Site "www.echecsemail.com"]
[Date "2015.10.10"]
[Round "1"]
[White "Lorenatache"]
[Black "Pellix84"]
[WhiteElo "1809"]
[BlackElo "2020"]
[Result "0-1"]
[Round "1"]
1.d4 d5
2.c4 e6
3.Ng1f3 Ng8f6
4.Bc1g5 Bf8b4
5.Nb1d2 O-O
6.a3 Bb4xd2
7.Nf3xd2 h6
 { time }
0-1

[Event "Match"]
[Site "www.echecsemail.com"]
[Date "2015.10.10"]
[Round "1"]
[White "Cristiano"]
[Black "Lorenatache"]
[WhiteElo "2020"]
[BlackElo "1809"]
[Result "1-0"]
[Round "1"]
1.e4 e5
2.f4 d5
3.exd5 e4
4.Nb1c3 Ng8f6
5.d3 Bf8b4
6.Bc1d2 exd3
7.cxd3 O-O
8.Ng1f3 Bc8g4
9.Bf1e2  { time }
1-0

[Event "Match"]
[Site "www.echecsemail.com"]
[Date "2015.10.10"]
[Round "1"]
[White "Lorenatache"]
[Black "Pariolinius"]
[WhiteElo "1809"]
[BlackElo "1960"]
[Result "0-1"]
[Round "1"]
1.d4 f5
2.g3 Ng8f6
3.Bf1g2 e6
4.Bc1g5 Bf8e7
5.Nb1d2 O-O
6.c4 Nb8c6
7.e3 d5
 { time }
0-1

[Event "Match"]
[Site "www.echecsemail.com"]
[Date "2015.10.10"]
[Round "1"]
[White "Pinehill"]
[Black "Pellix84"]
[WhiteElo "1990"]
[BlackElo "1980"]
[Result "0-1"]
[Round "1"]
1.e4 c5
2.Ng1f3 d6
3.Bf1b5 Bc8d7
4.Qd1e2 Nb8c6
5.d3 Ng8f6
6.Bb5xc6 bxc6
7.e5 dxe5
8.Nf3xe5 e6
9.Bc1g5 Bf8e7
10.Nb1d2 h6
11.Bg5h4 Nf6d5
12.Bh4g3 O-O
13.Ne5xd7 Qd8xd7
14.Nd2c4 Rf8d8
15.O-O-O Ra8b8
16.Bg3xb8 Rd8xb8
17.Nc4e5 Qd7b7
18.c4 Nd5f4
19.Qe2d2 Be7g5
20.Kb1 Nf4xd3
{ resign }
0-1

[Event "Match"]
[Site "www.echecsemail.com"]
[Date "2015.10.10"]
[Round "1"]
[White "Emerchess"]
[Black "Pare123"]
[WhiteElo "2079"]
[BlackElo "1980"]
[Result "0-1"]
[Round "1"]
1.Ng1f3 c5
2.e4 Nb8c6
3.d4 cxd4
4.Nf3xd4 e5
5.Nd4f3 Bf8c5
6.a3 a6
7.Nb1c3 Ng8e7
8.Bf1c4 h6
9.O-O O-O
10.Bc1d2 Ne7g6
11.Qd1c1 Bc5e7
12.Nc3d5 b5
13.Nd5xe7 Nc6xe7
14.Bc4a2 Bc8b7
15.Rf1e1 d5
16.exd5 Ne7xd5
17.Nf3xe5 Qd8d6
18.Ne5f3 Nd5f4
19.Qc1d1 Bb7xf3
20.Qd1xf3 Qd6xd2
21.Ra1d1 Qd2xc2
22.Rd1d7 Qc2xb2
23.Ba2xf7 Kh8
24.g3 Nf4h3
25.Kg2 Nh3g5
26.Qf3xa8 Rf8xa8
27.Bf7xg6 Qb2f6
28.Bg6h5 Qf6c6
{ resign }
0-1

[Event "Match"]
[Site "www.echecsemail.com"]
[Date "2015.10.10"]
[Round "1"]
[White "Emerchess"]
[Black "Fangshuo"]
[WhiteElo "1299"]
[BlackElo "2140"]
[Result "0-1"]
[Round "1"]
1.Ng1f3 e6
2.d4 d5
3.Bc1f4 c5
4.e3 Qd8b6
5.Qd1c1 Nb8c6
6.c3 Ng8e7
7.dxc5 Qb6xc5
8.Bf1e2 Ne7f5
9.O-O Bf8d6
10.Bf4xd6 Qc5xd6
11.Rf1d1 O-O
12.Nb1d2 e5
13.e4 dxe4
14.Nd2xe4 Qd6g6
15.Be2d3 b6
16.Ne4g3 Nf5xg3
17.Bd3xg6 Ng3e2
18.Kf1 Ne2xc1
19.Bg6e4 Nc1e2
20.Be4xc6 Bc8a6
21.Ke1 Ra8c8
22.Bc6a4 Ne2f4
23.Kd2 Ba6e2
24.Rd1g1 Rf8d8
25.Ke1 Be2xf3
26.gxf3 Nf4d3
27.Kf1 Nd3xb2
28.Ba4b3 Rc8xc3
29.Rg1g5 Rc3xf3
30.Rg5xe5 Rf3xf2
31.Kg1 g6
32.Re5e7 Rd8d2
33.Re7xf7 Rf2xf7
34.Ra1f1 Rd2d7
35.Bb3xf7 Rd7xf7
36.Rf1xf7 Kxf7
{ resign }
0-1

[Event "1/128 Finale"]
[Site "www.chess-mail.com"]
[Date "2015.10.10"]
[Round "1"]
[White "Maredocla"]
[Black "Osopanda"]
[WhiteElo "2050"]
[BlackElo "1970"]
[Result "1-0"]
[Round "1"]
1.f4 d6
2.Ng1f3 Nb8c6
3.b3 e5
4.fxe5 dxe5
5.d3 Ng8f6
6.Bc1g5 Bf8e7
7.Nb1c3 O-O
8.e4 Bc8e6
9.Bf1e2 Nc6d4
10.Nf3xe5 Nd4xe2
11.Qd1xe2 Qd8d4
12.Bg5d2 Qd4xe5
13.O-O Ra8d8
14.Qe2f3 Be7c5
15.Kh1 a6
16.Nc3e2 Be6g4
17.Qf3f4 Qe5xf4
18.Ne2xf4 h6
19.h3 Bg4c8
20.Rf1f3 Nf6h7
21.Rf3g3 Bc5d6
22.Ra1e1 g5
23.e5 Bd6e7
24.e6 Kh8
25.Bd2c3 f6
26.Nf4g6 Kg7
27.Ng6xe7 Rf8e8
28.Ne7xc8 Rd8xc8
29.e7 Kf7
30.Rg3e3 c5
31.Re1e2 Rc8c7
32.b4 b6
33.a3 f5
34.Re3e5 f4
35.Re5e6 cxb4
36.Bc3xb4 a5
37.Bb4e1 Rc7b7
38.Be1f2 b5
39.Re6xh6 Nh7f6
40.Bf2d4 Nf6d5
41.Rh6h7 Kg6
42.Rh7g7 { resign }
1-0

[Event "1/128 Finale"]
[Site "www.chess-mail.com"]
[Date "2015.10.10"]
[Round "1"]
[White "Emerchess"]
[Black "Llord"]
[WhiteElo "1299"]
[BlackElo "1860"]
[Result "1-0"]
[Round "1"]
1.Ng1f3 Nb8c6
2.d4 e5
3.dxe5 Bf8c5
4.Bc1f4 Ng8e7
5.e3 O-O
6.Bf1d3 Ne7d5
7.Bf4g3 Rf8e8
8.O-O d6
9.exd6 Bc5xd6
10.Bg3xd6 Qd8xd6
11.c3 Bc8g4
12.Nb1d2 Nc6e5
13.Bd3c2 Ne5xf3
14.Nd2xf3 h6
15.h3 Bg4h5
16.g4 Bh5g6
17.Bc2xg6 fxg6
18.Qd1b3 b6
19.Ra1d1 c6
20.c4 Qd6f6
21.Kg2 Nd5c7
22.c5 Kh7
23.cxb6 axb6
24.Qb3xb6 Nc7d5
25.Qb6b3 Re8b8
26.Qb3c4 Rb8xb2
27.Rd1d2 Rb2xd2
28.Nf3xd2 Nd5b6
29.Qc4b3 Nb6d5
30.Nd2c4 Qf6f8
31.Nc4b6 Nd5xb6
32.Qb3xb6 Ra8xa2
33.Qb6xc6 g5
34.Qc6e4 Kh8
35.Qe4f3 Qf8xf3
36.Kxf3 Ra2a3
37.Rf1h1 Kh7
38.Rh1d1 Kg6
39.Rd1d6 Kh7
40.Kg3 Ra3c3
41.h4 gxh4
42.Kxh4 Rc3c2
43.Kg3 Rc2c1
44.Kg2 Rc1c4
45.f3 Rc4c2
46.Kg3 Rc2c1
47.e4 Rc1g1
48.Kf2 Rg1b1
49.f4 Rb1b2
50.Ke3 Rb2b3
51.Rd6d3 Rb3b5
52.e5 Kg6
53.Rd3d6 Kf7
54.Rd6d7 Kf8
55.Ke4 Rb5b4
56.Kf5 Kg8
57.e6 Kf8
58.Rd7f7 Kg8
59.Kg6 Rb4b6
60.Rf7xg7 Kf8
61.Kf6 Rb6c6
62.Rg7h7 Kg8
63.Rh7xh6 Rc6b6
64.g5 { resign }
1-0

[Event "1/128 Finale"]
[Site "www.chess-mail.com"]
[Date "2015.10.10"]
[Round "1"]
[White "Enahou"]
[Black "Relaxmax"]
[WhiteElo "1809"]
[BlackElo "1459"]
[Result "0-1"]
[Round "1"]
1.Ng1f3 d5
2.c4 e6
3.d4 c5
4.cxd5 exd5
5.g3 Nb8c6
6.Bf1g2 Ng8f6
7.O-O Bf8e7
8.Nb1c3 O-O
9.Bc1g5 cxd4
10.Nf3xd4 h6
11.Bg5xf6 Be7xf6
12.e3 Bc8e6
13.Qd1b3 Nc6a5
14.Qb3c2 Ra8c8
15.Qc2e2 a6
16.Ra1c1 Qd8d7
17.Qe2h5 Rf8d8
 { time }
0-1

[Event "1/128 Finale"]
[Site "www.chess-mail.com"]
[Date "2015.10.10"]
[Round "1"]
[White "Aperturaf"]
[Black "Llord"]
[WhiteElo "2390"]
[BlackElo "1840"]
[Result "1-0"]
[Round "1"]
1.e4 e5
2.f4 exf4
3.Ng1f3 Nb8c6
4.d4 Bf8b4
5.c3 Bb4a5
6.Bc1xf4 Ng8f6
7.Bf1d3 O-O
8.Nb1d2 Rf8e8
9.O-O d6
10.Qd1c2 g6
11.Bf4g5 Bc8g4
12.e5 dxe5
13.Nd2e4 Re8e6
14.d5 { resign }
1-0

[Event "Fast Game"]
[Site "www.echecsemail.com"]
[Date "2015.10.10"]
[Round "1"]
[White "Ranjachess"]
[Black "Kurush550"]
[WhiteElo "1549"]
[BlackElo "1599"]
[Result "1-0"]
[Round "1"]
1.d4 d5
2.Nb1c3 Ng8f6
3.Bc1f4 c6
4.e3 Bc8f5
5.Bf1d3 e6
6.a3 Nb8d7
7.Ng1f3 h6
8.Qd1d2 Nf6e4
9.Bd3xe4 dxe4
10.Nf3e5 Nd7b6
11.f3 f6
12.g4 Bf5h7
13.Nc3xe4 Bh7xe4
14.Ne5xc6 Be4xc6
15.b3 Bc6xf3
16.Rh1g1 Bf8d6
17.c4 Bd6xf4
18.exf4 Qd8c7
{ time. }
1-0